| 000 | 00609nam a22002057a 4500 | ||
|---|---|---|---|
| 999 |
_c196054 _d196054 |
||
| 005 | 20230523145427.0 | ||
| 008 | 230523b ||||| |||| 00| 0 eng d | ||
| 010 | _a ENG-136989 | ||
| 020 |
_a9789390746293 _c64.00 |
||
| 035 | _aEN-120521 | ||
| 037 | _bDBAD / PUB | ||
| 040 | _bEnglish | ||
| 082 | _aS | ||
| 100 | _aAbubakar,Bashir Hajara | ||
| 245 |
_aAman Jauhara: _bAssignment Results to Love/ _cHajara Bashir Abubakar |
||
| 260 |
_aKOLKATA _bexceller book _c2021 |
||
| 270 |
_aDream Apartment,Degree collage road, _bkolkata _e700056 |
||
| 300 |
_a71p,; _c21cm(pbk) |
||
| 942 |
_2ddc _cEN _mABU _hS |
||